[Event "Dulles Skyline op-B"]
[Site "Dulles"]
[Date "2022.10.08"]
[Round "2"]
[White "Pressman, Daniel P"]
[Black "Pius, Kebish"]
[Result "0-1"]
[WhiteElo "1739"]
[BlackElo "1436"]
[PlyCount "56"]
[EventDate "2022.10.08"]
[EventType "swiss"]
[EventRounds "6"]
[EventCountry "USA"]
[SourceTitle "CBM 210 Extra"]
[Source "ChessBase"]
[SourceDate "2022.11.30"]
[SourceVersion "1"]
[SourceVersionDate "2022.11.30"]
[SourceQuality "1"]

1. d4 Nf6 2. Bf4 d5 3. e3 Bf5 4. c4 e6 5. Nc3 c5 6. Nf3 Nc6 7. cxd5 exd5 8. Rc1 c4 9. b3 Bb4 10. Nh4 Bg6 11. Nxg6 hxg6 12. Bg5 Qa5 13. Bxf6 Bxc3+ 14. Ke2 gxf6 15. a3 Bb2 16. Rc2 c3 17. a4 Nb4 18. Rxb2 cxb2 19. Qb1 Rc8 20. Kf3 Rc2 21. Bd3 Rd2 22. Bxg6 Qa6 23. Re1 Nd3 24. Re2 Rxe2 25. Bxd3 Re1 26. Qxe1 Qxd3 27. Qb4 b1Q 28. Qxb7 Qbd1+ 0-1